000 00622nam a22002057a 4500
003 OSt
005 20250819031614.0
008 250819b |||||||| |||| 00| 0 eng d
020 _a0-534-97367-1.
040 _cOC
082 _aCirc. 512 T965c 2001
100 _aTussy, A.
245 _aCollege algebra:
_bfunctions and models
260 _aUSA:
_bBrooks/Cole,
_cc2001.
300 _axx, 730 pages : .
_bcolored illustration ;
_c7 cm.
504 _aIncludes index.
650 _2Algebra.
700 _aR. David Gustafson
942 _2ddc
_cBK-CIRC
_hCirc. 512 T965c 2001
_kCirc.
_n0
999 _c4052
_d4052